| 000 | 01140nam a2200217 a 4500 | ||
|---|---|---|---|
| 001 | BRCA_8940 | ||
| 005 | 20190320210451.0 | ||
| 008 | 300617s1776----sp-#######---#000-0#spa-# | ||
| 041 | _aspa | ||
| 044 | _asp | ||
| 084 |
_aLE33 _b.C84 1776 |
||
| 100 | 1 |
_aCuesta, Leonardo Antonio de la _922048 |
|
| 245 | 1 | 0 |
_aEstado sagrado chronologico, genealógico, y universal del mundo _bdesde su creación, hasta los presentes siglos, en que se dará noticia de los Patriarcados, Profetas, Pontífices, Emperadores, Reyes, Escritores, y otras personas, Ilustres, con los Concilios, Cismas, Anti-Papas, Heresiarcas, persecuciones de la Iglesia, y varios acaecimientos curiosos en que pueda divertirse todo genero de personas: tomo VI _csu autor D. Leonardo Antonio de la Cuesta, rediente en esta Corte. |
| 260 |
_aMadrid _bEn la imprenta de D. Manuel Martin _c1776 |
||
| 300 |
_a[7], 379 p. (t.6) _c15.6 x 10.2 cm |
||
| 500 | _aCon las licencias necesarias | ||
| 500 | _aEstado físico: presenta encuadernación en pergamino y lomo semi desprendido | ||
| 650 | 1 | 4 |
_aHistoria antigua _yObras anteriores a 1800 _922049 |
| 902 | _aCFM | ||
| 942 |
_2lcc _cB |
||
| 999 |
_c8591 _d8591 |
||